| 000 | 00774nam a22002057a 4500 | ||
|---|---|---|---|
| 999 |
_c18867 _d18867 |
||
| 003 | AR-CdUCM | ||
| 008 | 190515b ||||| |||| 00| 0 spa d | ||
| 040 |
_aMUNICIPALIDAD PROVINCIAL DEL CUSCO _cBIBLIOTECA MUNICIPAL DEL CUSCO |
||
| 082 |
_a746 / _bC266 |
||
| 100 |
_aCárdenas Somocurcio, Hugo _939748 |
||
| 245 |
_aArtesanía textil andina : _bEl desarrollo de la actividad textil / |
||
| 260 |
_aLima : _bTecnología intermedia, _c1988. |
||
| 300 |
_a235 páginas ; _c21 cm. |
||
| 505 | _aContenido : Artesanía textil andina -- Actividad textil en el mundo -- La industrial textil Peruana... | ||
| 650 |
_aActividad textilera _939749 |
||
| 650 |
_aActividad artesanal _939750 |
||
| 650 |
_aProducción artesanal textil _939751 |
||
| 942 |
_2ddc _cLIBROS |
||
| 945 | _arcc | ||